Tratados de lógica. (Órganon).

Uloženo v:
Podrobná bibliografie
Hlavní autor: Aristóteles, 384 a.C.- 322 a.C (autor)
Další autoři: Candel Sanmartín, Miguel (introducción, traductor, notas)
Médium: Kniha
Jazyk:španělština
Vydáno: Madrid, España: Gredos, 1982-1988.
Vydání:Primera edición.
Edice:Biblioteca Clásica Gredos, 51, 115.
Témata:
Tagy: Přidat tag
Žádné tagy, Buďte první, kdo vytvoří štítek k tomuto záznamu!

MARC

LEADER 00000cam a2200000 a 4500
001 UCX6083
003 CL-VaPUC
005 20241127085250.0
008 930413e19820000SP |||||||||||||||||spa|d
999 |c 226174  |d 226172 
020 |a 84-249-1663-8 (obra completa) 
020 |a 84-249-0232-7 (t.I) 
020 |a 84-249-1288-8 (t.II) 
040 |c Pontificia Universidad Católica de Valparaíso 
082 0 4 |a 185 ARI 1982 (t.I)  |2 21 
082 0 4 |a 185 ARI 1988 (t.II)  |2 21 
100 |a Aristóteles,  |d 384 a.C.- 322 a.C.  |e autor  |9 194 
245 1 0 |a Tratados de lógica.  |b (Órganon). 
250 |a Primera edición.  
260 |a Madrid, España:   |b Gredos,  |c 1982-1988. 
300 |a 2 Tomos.  
490 0 |a Biblioteca Clásica Gredos, 51, 115. 
500 |a c.6 Tomo I: Donación Familia Prof. Alejandro Guzmán Brito. c.4 Tomo II: Donación Familia Prof. Alejandro Guzmán Brito. 
505 |a v.I: Categorías, tópicos, sobre las refutaciones sofísticas. v.II: Sobre la interpretación, analíticas primeras, analíticas segundas. 
583 |a last modification  |c 20150416 15:38:01  |k Rodrigo Vera 
650 0 |a Lógica  |9 256849  |x Obras hasta 1800 
650 0 |a Filosofía antigua   |9 255705 
700 1 |a Candel Sanmartín, Miguel  |e introducción   |e traductor  |e notas   |9 863948 
942 |c BK  |2 ddc  |n 0 
945 |d 19930413 00:00:00  |a aalvarez 
952 |0 0  |1 0  |4 0  |6 185_000000000000000_ARI_1982  |7 0  |8 X  |9 224340  |a BIBHIS  |b BIBHIS  |d 2019-11-15  |h v.1  |i 2931079  |o 185 ARI 1982  |p 2931079  |r 2024-01-30  |w 2019-11-15  |y BK_X  |k HIS 
952 |0 0  |1 0  |4 0  |6 185_000000000000000_ARI_1982  |7 0  |8 X  |9 224341  |a BIBHIS  |b BIBHIS  |d 2019-11-15  |h v.2  |i 2931087  |o 185 ARI 1982  |p 2931087  |r 2024-01-30  |w 2019-11-15  |y BK_X  |k HIS 
952 |0 0  |1 0  |4 0  |6 185_000000000000000_ARI_1982  |7 0  |8 R  |9 224342  |a BIBEDU  |b BIBEDU  |c MCIRC  |d 2019-11-15  |h v.1  |i 2995506  |l 8  |m 6  |o 185 ARI 1982  |p 2995506  |q 2025-05-19  |r 2025-05-07  |s 2025-05-07  |w 2019-11-15  |y BK_R  |k FIL 
952 |0 0  |1 0  |4 0  |6 185_000000000000000_ARI_1982  |7 0  |8 R  |9 224343  |a BIBEDU  |b BIBEDU  |c MCIRC  |d 2019-11-15  |h v.2  |i 2995514  |l 1  |o 185 ARI 1982  |p 2995514  |r 2023-01-13  |s 2022-09-15  |w 2019-11-15  |y BK_R  |k FIL 
952 |0 0  |1 0  |4 0  |6 185_000000000000000_ARI_1982  |7 0  |8 A  |9 224344  |a BIBARQ  |b BIBARQ  |d 2019-11-15  |h v.1  |i 264603K  |o 185 ARI 1982  |p 264603K  |r 2025-01-20  |w 2019-11-15  |y BK  |k ARQ 
952 |0 0  |1 0  |4 0  |6 185_000000000000000_ARI_1982  |7 0  |8 R  |9 224345  |a BIBEDU  |b BIBEDU  |c MCIRC  |d 2019-11-15  |h v.1  |i 3070611  |l 10  |m 5  |o 185 ARI 1982  |p 3070611  |r 2024-07-01  |s 2024-06-28  |w 2019-11-15  |y BK_R  |k FIL 
952 |0 0  |1 0  |2 ddc  |4 0  |6 185_000000000000000_ARI_1982  |7 1  |8 C_AGB  |9 581114  |a BIBDER  |b BIBDER  |d 2022-02-03  |e Donación   |h t.I  |i 5644615  |o 185 ARI 1982  |p 5644615  |r 2023-01-25  |t 6  |w 2022-02-03  |y BK_US  |k AGB 
952 |0 0  |1 0  |2 ddc  |4 0  |6 185_000000000000000_ARI_1982  |7 1  |8 C_AGB  |9 581142  |a BIBDER  |b BIBDER  |d 2022-02-04  |e Donación   |h t.II  |i 5644895  |o 185 ARI 1982   |p 5644895  |r 2023-01-25  |t 4  |w 2022-02-04  |y BK_US  |k AGB